Battleships in action /

Bibliographic Details
Main Author: Wilson, Herbert Wrigley, 1866-1940
Format: Book
Language:English
Published: Boston : Little, Brown, [1926?]
Subjects:

MARC

Tag First Indicator Second Indicator Subfields
LEADER 00000cam a2200000 4500
001 in00000055029
005 20151008052143.0
008 780125s1926 mauab b 00100 engm
010 |a  27003736  
035 |a (OCoLC)03581564 
035 |9 AAH1948AM 
040 |a DLC  |c SWW  |d SWW  |d TXA  |d UtOrBLW 
049 |a TXAS [mil]  |v 1  |v 2 
050 0 |a D362  |b .W73 
092 |a 359  |b W748b 
100 1 |a Wilson, Herbert Wrigley,  |d 1866-1940. 
245 1 0 |a Battleships in action /  |c H.W. Wilson. 
264 1 |a Boston :  |b Little, Brown,  |c [1926?] 
300 |a 2 volumes :  |b illustrations, maps ;  |c 25 cm. 
336 |a text  |b txt  |2 rdacontent 
337 |a unmediated  |b n  |2 rdamedia 
338 |a volume  |b nc  |2 rdacarrier 
500 |a "Included in the present book is the period covered in my earlier works, Ironclads in action and the Downfall of Spain, but everything that appeared in those books has been re-examined critically in the light of fresh evidence, and almost every page has been compleely rewritten."--Pref., v.l, p. vii. 
504 |a Bibliography: volume 1, pages 309-317; volume 2, pages 325-331. 
500 |a Includes index. 
650 0 |a Naval history. 
650 0 |a Warships. 
650 0 |a World War, 1914-1918  |x Naval operations. 
999 |a MARS 
999 f f |s d8c0fb46-3135-3bb1-bccc-f3e6a58c8db6  |i f784a4e5-de6d-3f43-b50e-7fc3fac031e1  |t 0 
952 f f |p noncirc  |a Texas A&M University  |b College Station  |c Cushing Memorial Library & Archives  |d Cushing: Ragan Military (Does not check out)  |t 0  |e D362 .W73  |h Library of Congress classification  |i unmediated -- volume 
998 f f |a D362 .W73  |s v.1-v.2  |t 0  |l Cushing: Ragan Military (Does not check out)